01428nam a2200373Ia 4500001001200000003000800012006001900020007001500039008004100054010001700095020001800112020001500130020001800145020001500163040002100178035002100199050002500220082001500245245011600260260004000376300003100416490005000447504005100497533015200548650003300700650001200733655002900745700003000774700002900804700002700833710001700860830005100877856012600928ebr10251675CaPaEBRm u cr cn|||||||||080416s2008 mauab sb 001 0 eng d z 2008017001 z9780262232715 z0262232715 z9780262731911 z0262731916 aCaPaEBRcCaPaEBR a(OCoLC)25974300614aHD1691b.W325 2008eb04a333.9122200aWater, place, and equityh[electronic resource] /cedited by John M. Whiteley, Helen Ingram, and Richard Perry. aCambridge, MA :bMIT Press,cc2008. axii, 318 p. :bill., maps.1 aAmerican and comparative environmental policy aIncludes bibliographical references and index. aElectronic reproduction.bPalo Alto, Calif. :cebrary,d2009.nAvailable via World Wide Web.nAccess may be limited to ebrary affiliated libraries. 0aWater resources development. 0aEquity. 7aElectronic books.2local1 aWhiteley, John M.,d1940-1 aIngram, Helen M.,d1937-1 aPerry, Richard Warren.2 aebrary, Inc. 0aAmerican and comparative environmental policy.40uhttp://site.ebrary.com/lib/rucke/Doc?id=10251675zAn electronic book accessible through the World Wide Web; click to view